| 000 | 00765nam a22002297 4500 | ||
|---|---|---|---|
| 001 | 23886 | ||
| 003 | BD-RjUL | ||
| 005 | 20211209001001.0 | ||
| 008 | 140312s1949 xx 000 0 ger d | ||
| 035 | _a(BD-RjUL)23951 | ||
| 040 |
_aDLC _cDLC _dBD-RjUL _beng |
||
| 041 | _aeng | ||
| 082 |
_a926.1 _bHUI 1949 |
||
| 100 | 1 |
_aHume, Edward Hicks, _d1876- [from old catalog] _973548 |
|
| 245 | 0 | 0 |
_aIn ärztlicher Mission : _bdas Leben eines amerikanischen Arztes in China / _c[Aus dem Amerikanischen übers. von Suzan von Wittek. |
| 260 |
_aNewYork : _bBuchverlag Demokratische Druck-und Verlagsgesellschaft, _c1949. |
||
| 300 |
_a302 p. : _billus. ; _c19 cm. |
||
| 650 |
_aHume, Edward Hicks, _973549 |
||
| 942 |
_2ddc _cBK |
||
| 999 |
_c23886 _d23886 |
||